مكتبة جامعة عجلون الوطنية

فهرس بحث المكتبة

Normal view MARC view
  • الافصاح المحاسبي

Entry Topical Term

Number of records used in: 1

001 - CONTROL NUMBER

  • control field: 61305

003 - CONTROL NUMBER IDENTIFIER

  • control field: JO-AjAnu

005 - DATE AND TIME OF LATEST TRANSACTION

  • control field: 20230606084022.0

008 - FIXED-LENGTH DATA ELEMENTS

  • fixed length control field: 230606|| aca||aabn | a|a d

040 ## - CATALOGING SOURCE

  • Original cataloging agency: JO-AjAnu
  • Transcribing agency: JO-AjAnu

150 ## - HEADING--TOPICAL TERM

  • Topical term or geographic name entry element: الافصاح المحاسبي

670 ## - SOURCE DATA FOUND

  • Source citation: Work cat.: (JO-AjAnu)31271: إعداد القضاة، آفاق محمد مصطفى؛ اشراف احمد ابراهيم كراجه, author 61304, اثر الافصاح المحاسبي عن رأس المال البشري على قيمة المؤسسات التعليمية المدرجة في بورصة عمان: هيكل الملكية العائلية كمتغير معدل = The Impact of Accounting Disclosure of Human Capital on the Value of Listed Educational Institutions in Amman Stock Exchange: Family Ownership as a Moderating Vsriable